Georges Rouault (Record no. 8961)
[ view plain ]
| 000 -CABECERA | |
|---|---|
| campo de control de longitud fija | 00613nam a2200217 a 4500 |
| 001 - NÚMERO DE CONTROL | |
| campo de control | BRL_148 |
| 005 - FECHA Y HORA DE LA ÚLTIMA TRANSACCIÓN | |
| campo de control | 20190320210617.0 |
| 008 - DATOS DE LONGITUD FIJA--INFORMACIÓN GENERAL | |
| campo de control de longitud fija | 181012s1954----u--a######---#000-0#eng-u |
| 041 ## - CÓDIGO DE LENGUA | |
| Código de lengua del texto/banda sonora o título independiente | eng |
| 044 ## - CÓDIGO DEL PAÍS DE LA ENTIDAD EDITORA/PRODUCTORA | |
| Código MARC del país | u |
| 050 #4 - SIGNATURA TOPOGRÁFICA DE LA BIBLIOTECA DEL CONGRESO | |
| Número de clasificación | ND553.R66 |
| Número de documento/Ítem | .G46 1954 |
| 245 10 - MENCIÓN DE TÍTULO | |
| Título | Georges Rouault |
| Mención de responsabilidad, etc. | text by Jacques Maritain. |
| 260 ## - PUBLICACIÓN, DISTRIBUCIÓN, ETC. | |
| Lugar de publicación, distribución, etc. | Estados Unidos |
| Nombre del editor, distribuidor, etc. | Harry N. Abrams |
| Fecha de publicación, distribución, etc. | 1954 |
| 300 ## - DESCRIPCIÓN FÍSICA | |
| Extensión | 5 p. |
| Otras características físicas | il., 15 láminas |
| Dimensiones | 38 cm. |
| 440 #0 - MENCIÓN DE SERIE/PUNTO DE ACCESO ADICIONAL--TÍTULO | |
| Título | 16 Beautiful ful color prints |
| 9 (RLIN) | 23043 |
| 500 ## - NOTA GENERAL | |
| Nota general | Au174 |
| 600 14 - PUNTO DE ACCESO ADICIONAL DE MATERIA--NOMBRE DE PERSONA | |
| Nombre de persona | Rouault, Georges |
| Fechas asociadas al nombre | 1871-1958. |
| 9 (RLIN) | 16570 |
| 700 1# - PUNTO DE ACCESO ADICIONAL--NOMBRE DE PERSONA | |
| Nombre de persona | Maritain, Jacques |
| Fechas asociadas al nombre | 1882-1973. |
| 9 (RLIN) | 23044 |
| 902 ## - CATALOGADOR | |
| Iniciales | GRL |
| 942 ## - ELEMENTOS DE PUNTO DE ACCESO ADICIONAL (KOHA) | |
| Fuente del sistema de clasificación o colocación | Library of Congress Classification |
| Tipo de ítem Koha | Libros |
| Estado de retiro | Estado de pérdida | Estado dañado | No para préstamo | Localización permanente | Ubicación/localización actual | Fecha de adquisición | Número de inventario | Total de préstamos | Signatura topográfica completa | Código de barras | Fecha visto por última vez | Precio válido a partir de | Tipo de ítem Koha |
|---|---|---|---|---|---|---|---|---|---|---|---|---|---|
| El ejemplar forma parte de la colección y puede ser consultado según las políticas vigentes. | Biblioteca Centro de Estudios Ruth D. Lechuga | Biblioteca Centro de Estudios Ruth D. Lechuga | 18/10/2012 | Au174 | ND553.R66 .G46 1954 (Au174) | GRL00161 | 22/03/2019 | 22/03/2019 | Libros |